La investigación en contabilidad (Registro nro. 17833)
[ vista simple ]
| 000 -LEADER | |
|---|---|
| fixed length control field | 00345 a2200109 4500 |
| 001 - CONTROL NUMBER | |
| control field | ART_46019 |
| 005 - DATE AND TIME OF LATEST TRANSACTION | |
| control field | 20260410161731.0 |
| 008 - FIXED-LENGTH DATA ELEMENTS--GENERAL INFORMATION | |
| fixed length control field | 260409a |
| 100 1# - MAIN ENTRY--PERSONAL NAME | |
| Personal name | Yardin, Amaro Ramón |
| 245 10 - TITLE STATEMENT | |
| Title | La investigación en contabilidad |
| 773 0# - HOST ITEM ENTRY | |
| Title | Escritos contables y de administración |
| Related parts | - Vol. 6, Nº 2 (jul./dic. 2015) |
| Record control number | REV2758 |
No hay ítems disponibles.